De Tales a Demócrito. Fragmentos presocráticos.

שמור ב:
מידע ביבליוגרפי
מחברים אחרים: Bernabé, Alberto (introducción, traducción, notas)
פורמט: ספר
שפה:ספרדית
יצא לאור: Madrid, España: Alianza, 1988.
סדרה:El libro de bolsillo. Sección clásicos.
נושאים:
תגים: הוספת תג
אין תגיות, היה/י הראשונ/ה לתייג את הרשומה!

MARC

LEADER 00000nam a2200000 a 4500
001 UCW0081
003 CL-VaPUC
005 20220822114321.0
008 881025e19880000SP |||||||||||||||||spa|d
999 |c 215328  |d 215326 
020 |a 84-206-0300-7 
040 |c Pontificia Universidad Católica de Valparaíso 
082 0 4 |a 182 DET 1988   |2 21 
245 1 0 |a De Tales a Demócrito.  |b Fragmentos presocráticos.  
260 |a Madrid, España:   |b Alianza,  |c 1988.  
300 |a 342 páginas.  
490 0 |a El libro de bolsillo. Sección clásicos. 
500 |a c.3 Donación Familia Prof. Alejandro Guzmán Brito. 
583 |a last modification  |c 19881025 00:00:00  |k Rodrigo Vera 
650 0 |a Filosofía antigua   |9 255705 
700 |a Bernabé, Alberto  |9 493508  |e introducción  |e traducción  |e notas 
942 |c BK  |2 ddc  |n 0 
945 |d 19881025 00:00:00 
952 |0 0  |1 0  |4 0  |6 182_000000000000000_DET_1988  |7 0  |8 A  |9 199428  |a BIBHIS  |b BIBHIS  |d 2019-11-14  |i 2667347  |o 182 DET 1988  |p 2667347  |r 2025-01-20  |w 2019-11-14  |y BK  |k HIS 
952 |0 0  |1 0  |4 0  |6 182_000000000000000_DET_1988  |7 0  |8 A  |9 199429  |a BIBTEO  |b BIBTEO  |d 2019-11-14  |i 2667363  |o 182 DET 1988  |p 2667363  |r 2025-01-17  |w 2019-11-14  |y BK  |k ICR 
952 |0 0  |1 0  |2 ddc  |4 0  |6 182_000000000000000_DET_1988  |7 1  |8 C_AGB  |9 580205  |a BIBDER  |b BIBDER  |d 2022-01-06  |e Donación   |i 5635535  |o 182 DET 1988  |p 5635535  |r 2023-01-25  |t 3  |w 2022-01-06  |y BK_US  |k AGB